[Event "Poikovsky Karpov 07th"]
[Site "Poikovsky"]
[Date "2006.03.19"]
[Round "2"]
[White "Shirov, Alexei"]
[Black "Bologan, Viktor"]
[Result "1-0"]
[WhiteElo "2709"]
[BlackElo "2661"]
[Annotator "Ftacnik,L"]
[PlyCount "61"]
[EventDate "2006.03.18"]
[EventType "tourn"]
[EventRounds "9"]
[EventCountry "RUS"]
[EventCategory "18"]
[SourceTitle "CBM 112"]
[Source "ChessBase"]
[SourceDate "2006.06.07"]
[SourceVersion "1"]
[SourceVersionDate "2006.06.07"]
[SourceQuality "1"]

1. e4 c5 2. Nf3 d6 3. d4 cxd4 4. Nxd4 Nf6 5. Nc3 a6 6. Be3 e5 7. Nf3 {This
variation is becoming ever more popular in the recent months. White would love
to use the weak squares d5 and f5 in a positional way.} Be7 8. Bc4 O-O 9. O-O
Nc6 10. h3 b5 11. Bb3 Na5 (11... Bb7 12. Bg5 (12. Re1 Rc8 13. a3 Na5 14. Bd5
Nxd5 15. Nxd5 Bxd5 16. exd5 f5 17. b3 Bf6 {0-1 Valach,B (2090)-Dobrotka,M 
(2255)/Sala 1995 (26)}) 12... b4 (12... Na5 13. Bxf6 Bxf6 14. Bd5 Nc6 15. a3 g6
16. Qe2 Bg7 17. Rfd1 Qc7 18. Rd3 Rae8 19. Qd2 Nd4 20. Bxb7 Qxb7 21. Nd5 Nxf3+
22. Rxf3 f5 {0-1 Chang,H-Basheer,F/Macau 1996 (98)}) 13. Bxf6 bxc3 14. Bxe7
Nxe7 15. Qd3 cxb2 16. Rab1 Ng6 17. Rxb2 Nf4 18. Qe3 Qf6 19. Kh2 {1-0 Maninang,
R (2320)-Ardiansyah,H (2380)/Manila 1979 (38)}) (11... b4 12. Ne2 a5 13. c3 Bb7
14. Ng3 bxc3 15. bxc3 Qd7 16. Bg5 Rfd8 17. Rb1 Qc7 18. Bxf7+ Kh8 19. Nh4 d5 20.
exd5 Ba6 21. Re1 Nxd5 22. Qh5 Bd3 23. Ne4 Nf4 24. Ng6+ Nxg6 25. Bxg6 h6 26.
Bxh6 {1-0 Tomilova,E (2263)-Airapetian,T (2128)/Kolontaevo 2005}) 12. Bg5 Nxb3
(12... Be6 13. Qd3 Nc4 14. Bxf6 Bxf6 15. Rab1 Be7 16. Rfd1 Rc8 $13) 13. axb3
Bb7 (13... Be6 14. Qd3 Qc7 15. Bxf6 Bxf6 16. Rac1 $14) 14. Bxf6 $5 {Shirov is
willingly parting with his bishop in order to make the vulnerability of d5
square more palpable. The game is getting the contours of the Sveshnikov
defense, black will have to generate some play for the bishops.} Bxf6 15. Nd5
g6 (15... Rc8 16. Qd3 Bxd5 17. Qxd5 Rxc2 18. Rxa6 Rxb2 19. Qxb5 $14) 16. Qd3
Bg7 17. c4 bxc4 (17... f5 18. Nd2 (18. cxb5 fxe4 19. Qxe4 axb5 20. Nf6+ Qxf6
21. Qxb7 Rae8 22. Qxb5 e4 $15) (18. Rfe1 Rc8 19. cxb5 $6 Rc5 $1 20. Nc3 fxe4
21. Nxe4 Rd5 22. Qe2 Rxb5 $17) 18... Rb8 19. Rfe1 (19. cxb5 axb5 20. Qxb5 Bh6
$15) 19... Qh4 $13) 18. bxc4 f5 19. Rfe1 (19. b4 $5 fxe4 (19... Kh8 20. Ra5 $16
) (19... a5 20. bxa5 Rxa5 21. Rxa5 Qxa5 22. Ng5 (22. Ne7+ Kh8 23. Qxd6 Qa6 $14)
22... Bxd5 23. cxd5 $14) 20. Qxe4 Rf4 21. Nf6+ Bxf6 22. Qxb7 $16) 19... Kh8 20.
Rad1 fxe4 {Bologan was in an extremely poor form at the start of the Poikovsky
memorial, in critical moments his choices were consequently second rate.} (
20... a5 $5) 21. Rxe4 a5 22. Rg4 $5 Bc8 (22... Rf5 23. Nd2 $1 Bxd5 24. Qxd5 e4
25. Qxe4 Bxb2 26. Nf3 Rb8 27. Rf4 $14) 23. Rg3 Bf5 (23... a4) 24. Qa3 Rf7 $6 {
[%mdl 256] Black has decided for some mysterious reasons to play passively.
The transfer of the rook to the d7 square is breaking the harmony of pieces
and still will not prevent loss of a d6 pawn.} (24... Rb8 $5 25. Nd2 (25. Ne3
e4 26. Rxd6 Qc7 27. Nd4 Be5 28. Nb5 Qf7 $15) (25. Nc3 Qc7) (25. Ne3 Rb4 26. c5
e4 27. Nxf5 Rxf5 28. Rxd6 Qe7 29. Qxa5 Qxd6 30. Qxb4 Qd1+ 31. Qe1 Rd5 32. Kh2
Qxe1 33. Nxe1 Be5 $17) 25... a4 26. Ne3 $11) 25. Ng5 Rd7 $2 (25... Rb7 26. Ne3
Qc8 27. Rd2 $14) 26. Ne3 $1 Qe8 (26... Raa7 27. Nxf5 gxf5 28. Ne6 Qb8 29. Rb3
Qc8 30. Rxd6 $16) (26... Qf6 $5 27. Nxf5 (27. Rxd6 Rxd6 28. Qxd6 Qxd6 29. Nf7+
Kg8 30. Nxd6 Be6 31. b3 $16) 27... Qxf5 28. Qd3 $16) 27. Rxd6 e4 (27... Bf8 28.
Rxd7 (28. Nxf5 gxf5 29. Rxd7 Qxd7 30. Qf3 Ra7 31. Qh5 $18) 28... Qxd7 (28...
Bxa3 29. Rxh7+ Kg8 30. Nd5 Qd8 31. bxa3 $18) 29. Qc3 $16) 28. Nxf5 gxf5 29. Ne6
Be5 30. Qc5 $1 {Shirov is in tactical positions in his own waters, all his
pieces are prepared to storm black king.} (30. Rxd7 $2 Qxd7 $19) 30... Bxb2 (
30... Bxg3 31. Qd4+ Be5 32. Qxe5+ Kg8 33. c5 $1 $18) 31. Qb5 1-0

[Event "HUN-ch 54th"]
[Site "Budapest"]
[Date "2004.08.26"]
[Round "8"]
[White "Almasi, Zoltan"]
[Black "Ruck, Robert"]
[Result "1-0"]
[WhiteElo "2644"]
[BlackElo "2575"]
[Annotator "Ftacnik,L"]
[PlyCount "71"]
[EventDate "2004.08.19"]
[EventType "tourn"]
[EventRounds "9"]
[EventCountry "HUN"]
[EventCategory "13"]
[SourceTitle "CBM 103"]
[Source "ChessBase"]
[SourceDate "2004.11.11"]
[SourceVersion "1"]
[SourceVersionDate "2004.11.11"]
[SourceQuality "1"]

1. e4 c5 2. Nf3 d6 3. d4 cxd4 4. Nxd4 Nf6 5. Nc3 a6 6. f3 Qb6 7. g4 e6 8. Nb3
h6 9. Qe2 Qc7 10. Be3 b5 11. O-O-O Nbd7 (11... Bb7 12. Qf2 Nbd7 13. Bd3 b4 14.
Na4 d5 15. Nb6 Nxb6 16. Bxb6 Qf4+ 17. Be3 Qc7 18. Bb6 Qf4+ 19. Be3 Qc7 20. Bb6
{1/2-1/2 Navarro Cia,M-Candela Perez,J/Vila Real 2001/ (20)}) 12. h4 (12. Qf2
g5 $5 13. h4 Rg8 14. hxg5 hxg5 15. Kb1 Ne5 16. Bb6 Qb8 17. a3 Be7 18. Be2 Nfd7
19. Bd4 Qc7 20. Rh7 Nf6 21. Rh6 Bd7 22. Qh2 O-O-O {0-1 Pupo,E-Vasquez,R/Dos
Hermanas 2004/ (79)}) 12... Bb7 13. Qf2 $6 {Almasi plays with ambition, but
this move enhancing control of the a7-g1 diagonal has a serious tactical flaw.}
(13. a3 Ne5 $13) 13... b4 14. Na4 (14. Ne2 d5 15. exd5 Nxd5 16. Ned4 Bd6 $15)
14... d5 $2 {[%mdl 64] Ruck is not grabbing his golden chance of turning the
tables in the opening with a shocking move 14...Bxe4!} (14... Bxe4 $1 15. Nb6 (
15. fxe4 Nxg4 16. Qg3 Nxe3 17. Qxe3 Qc6 $17) 15... Nxg4 16. Nxa8 Bxa8 17. Qe2
Nxe3 18. Qxe3 Bb7 $15) 15. Nb6 Nxb6 16. Bxb6 Qf4+ (16... Qb8 17. Na5 Nd7 18.
Bd3 $13) 17. Be3 Qc7 (17... Qb8 18. exd5 Bxd5 19. Bd3 Qb7 20. Rhf1 Bd6 $11) 18.
exd5 Bxd5 (18... Nxd5 19. Bd4 Rc8 20. Kb1 Nf4 21. Bd3 Nxd3 22. Rxd3 Bd5 23.
Rhd1 f6 $13) 19. Rg1 (19. Bd3 Bxb3 20. axb3 Bd6 $11) 19... Bd6 20. Kb1 Nd7 (
20... Bxb3 21. cxb3 Nd5 22. Bd4 O-O 23. g5 $13) 21. f4 Nf6 $6 (21... O-O 22. g5
h5 23. Bg2 Bxg2 24. Rxg2 $36) 22. Bd3 g6 $2 {Positionally horrible decision,
the defender was losing threath of thought. The weakened diagonal a1-h8 will
become terminal for him.} (22... Ne4 23. Qe2 O-O (23... Bxf4 $2 24. Bxf4 Qxf4
25. Rgf1 Qe5 26. Nc5 $16) 24. g5 $14) 23. Bd4 Ke7 (23... Be7 24. g5 $18) 24. f5
$5 {Most practical players would surely decide for 24.g5! with a win of an
exchange.} (24. g5 $1 Nh5 25. Bxh8 Rxh8 26. f5 gxf5 27. gxh6 $16) 24... gxf5 (
24... e5 25. Bb6 Qc8 26. fxg6 fxg6 27. g5 $18) 25. Bxf6+ Kxf6 26. gxf5 Qa7 (
26... e5 27. h5 Rag8 28. Qh4+ Rg5 29. Nd2 $16) 27. Qf1 Ke7 (27... e5 28. Bc4
Bxc4 29. Qxc4 Rhd8 30. h5 $18) 28. Bc4 $1 {The black bishop on d5 is keeping
the defensive structure, with his demise white will get to the centralized
black's king.} Rag8 (28... Bxc4 29. Qxc4 Qc7 30. Qe4 $18) 29. Rxg8 Rxg8 30.
Bxd5 exd5 31. f6+ Kd8 (31... Kf8 32. Qf5 Qb7 33. Na5 $18) 32. Nd4 Kc7 33. Nf5
Qc5 (33... Rg4 34. Nxh6 Rf4 35. Qd3 Rxf6 36. Ng4 Re6 37. h5 $18) 34. Nxh6 Rg6
35. Nxf7 Bh2 36. Ng5 1-0

[Event "Moscow Aeroflot op"]
[Site "Moscow"]
[Date "2002.02.06"]
[Round "3"]
[White "Fedorov, Alexei"]
[Black "Rashkovsky, Nukhim N"]
[Result "1-0"]
[WhiteElo "2589"]
[BlackElo "2505"]
[Annotator "Ftacnik,L"]
[PlyCount "71"]
[EventDate "2002.02.04"]
[EventType "swiss"]
[EventRounds "9"]
[EventCountry "RUS"]
[SourceTitle "CBM 088"]
[Source "ChessBase"]
[SourceDate "2002.03.21"]
[SourceVersion "1"]
[SourceVersionDate "2002.03.21"]
[SourceQuality "1"]

1. e4 c5 2. Nf3 d6 3. d4 cxd4 4. Nxd4 Nf6 5. Nc3 a6 6. f3 e5 7. Nb3 Be7 8. Be3
Be6 9. Qd2 Nbd7 10. g4 O-O 11. O-O-O Qc7 12. Kb1 b5 13. g5 Nh5 14. Nd5 Bxd5 15.
exd5 f5 (15... Nb6 16. Na5 Nxd5 17. Qxd5 Qxa5 18. c4 $13) 16. gxf6 Rxf6 {
The line may seem dubious for black due to his vulnerability on the white
squares. On the other hand white pawn f3 is exposed and black gets lot o play
for his pieces.} (16... Bxf6 17. Na5 Nf4 18. Nc6 Nb6 19. Bxb6 Qxb6 20. Qb4 Qc7
21. Qe4 Qf7 22. h4 g6 23. Bh3 Kh8 24. Bg4 {1-0 Almagro Llanas,P-Sarralde Osua,
R/Oropesa del Mar 2001/ (34)}) 17. Na5 Nf4 (17... Rxf3 18. Be2 (18. Nc6 Rf7 19.
Bh3 Nf8 20. Be6 Nxe6 21. dxe6 Rf5 22. Nxe7+ Qxe7 23. Qxd6 Qxd6 24. Rxd6 Nf4 25.
Rhd1 $14) 18... Rh3 $1 (18... Rxe3 $6 19. Qxe3 Nf4 20. Nc6 Nf6 21. Bf3 $16) 19.
Bg4 Rh4 20. Be6+ Kh8 21. Nc6 Ndf6 22. Qf2 $13) 18. c4 (18. Nc6 Bf8 $11) 18...
bxc4 (18... Nb6 19. Rc1 Bd8 20. Nc6 $13) 19. Bxc4 Bd8 20. Nc6 Qb7 (20... Nb6
21. Bb3 Qd7 22. Rc1 $11) 21. Nxd8 (21. Rc1 Bb6 $1 $15) 21... Rxd8 22. Rc1 Rdf8
23. Rhf1 Nb8 {This passive knight will cost Rashkovsky dearly, but who could
have foreseen it at this moment?} (23... Kh8 24. Bb3 $11) 24. Qa5 Qf7 (24...
Ng2 25. Bd2 Nf4 (25... Rxf3 26. Rxf3 Rxf3 27. Bf1 Rf2 (27... Nh4 28. Qd8+ Rf8
29. Qxh4 $18) 28. Bxg2 Rxg2 29. Qd8+ $18) 26. Bb3 Qb5 $11) 25. Bb3 Nd3 (25...
Ne2 $5 26. Rc7 Qh5 $15) 26. Rc7 Qh5 27. Rd1 Nf4 (27... Nf2 $2 28. Bxf2 Rxf3 29.
Rg1 $1 Rxf2 30. Rgxg7+ Kh8 31. Rxh7+ Qxh7+ 32. Rxh7+ Kxh7 33. Qc7+ R2f7 34.
Qxd6 $18) 28. Qb6 Ng2 29. Bc1 (29. Rg1 Qxf3 30. Qa7 $1 R6f7 (30... Rg6 31. Bc2
Qxe3 32. Bxg6 Qxa7 33. Rxa7 hxg6 34. Rxg2 $18) 31. Rxf7 Rxf7 32. Qxb8+ Rf8 33.
Qxd6 Nxe3 34. Qxa6 $16) 29... Qxf3 $2 {[%mdl 8192] This tactical mistake
abbandons the defense of the Nb8, white achieves perfect coordination of
pieces.} (29... Nd7 30. Qf2 Nf4 31. Qa7 R8f7 $13) 30. Bc2 $1 {xNb8} (30. Rb7
Nd7 31. Qc7 (31. Rxd7 Qf5+ $19) 31... R8f7 $15) 30... e4 (30... Qg4 31. Qa7 Re8
32. h3 Qg3 33. Be4 Nf4 34. Rg1 $18) 31. Rg1 Rg6 (31... e3 32. Qb7 Qg4 33. h3
Qg3 34. Be4 e2 35. Rxg2 Qxg2 36. Bxg2 Rg6 37. Bd2 Rxg2 38. Rc8 $18) 32. Rb7 $1
Nf4 33. Rxb8 (33. Rxg6 Nxg6 34. Rxb8 $18) 33... Rxg1 34. Rxf8+ Kxf8 35. Qxg1
Nd3 (35... Nxd5 36. Qd4 Nf6 37. Qxd6+ $18) 36. Qg3 1-0

[Event "RUS-ch qual 57th"]
[Site "Tomsk"]
[Date "2004.05.27"]
[Round "5"]
[White "Inarkiev, Ernesto"]
[Black "Khismatullin, Denis Rimovich"]
[Result "1-0"]
[WhiteElo "2595"]
[BlackElo "2537"]
[Annotator "Ftacnik,L"]
[PlyCount "89"]
[EventDate "2004.05.23"]
[EventType "swiss"]
[EventRounds "9"]
[EventCountry "RUS"]
[SourceTitle "CBM 102"]
[Source "ChessBase"]
[SourceDate "2004.09.23"]
[SourceVersion "1"]
[SourceVersionDate "2004.09.23"]
[SourceQuality "1"]

1. e4 c5 2. Nf3 d6 3. d4 cxd4 4. Nxd4 Nf6 5. Nc3 a6 6. Be3 e5 7. Nb3 Be6 8. f3
Nbd7 9. g4 Nb6 10. g5 Nh5 11. Qd2 Be7 12. O-O-O O-O 13. Kb1 Rc8 14. Rg1 g6 15.
h4 Qc7 16. Qf2 Bd8 17. f4 exf4 18. Bxf4 Nxf4 19. Qxf4 Na4 20. Rg3 Nc5 $6 {
The first independent move is not very fortunate for black, after so much
invested energy it makes more sense to exchange knight on c3.} (20... Nxc3+ 21.
Rxc3 Qe7 22. Rxc8 Bxc8 23. Bc4 Kg7 24. Qe3 f6 25. gxf6+ Qxf6 26. Bd5 Qe5 27.
Rh1 Rf4 {0-1 Karjakin,S-Naiditsch,A/Dortmund 2004/ (49)}) 21. Nd4 d5 22. e5 (
22. Rf3 dxe4 23. Nxe6 Qxf4 24. Rxf4 Nxe6 25. Rxe4 $14) 22... Qe7 (22... f6 $5
23. gxf6 Bxf6 24. Nxe6 Nxe6 25. Qg4 Qxe5 26. Rxd5 Qe1+ 27. Rd1 Qe5 28. Bg2 $14)
23. Bg2 Bc7 24. Re3 (24. h5 Rfd8 25. Rh1 Ne4 26. hxg6 fxg6 27. Nxe6 Qxe6 28.
Qh4 $16) 24... Rcd8 25. h5 $1 {Defender's problem is obvious, his dark squared
bishop doesn't sit on g7 so the black king is very vulnerable.} (25. Qf6 Qxf6
26. exf6 Bf4 27. Re2 $16) 25... Ba5 26. Rh1 Bxc3 (26... Rd7 27. Qh4 Rfd8 28.
Ka1 Bxc3 29. Rxc3 Ne4 30. hxg6 fxg6 31. Rf3 $16) 27. Rxc3 Ne4 28. Re3 Nd2+ (
28... Qxg5 29. Rxe4 Qxg2 30. Ree1 Qg4 31. Qf6 $18) 29. Ka1 Nc4 30. Re2 Bc8 31.
Qh4 Na5 (31... Nxe5 32. hxg6 fxg6 33. Rxe5 $18) 32. e6 $1 {[%mdl 128] Inarkiev
is ready for action with all his pieces and opening of the kingside gives them
the necessary playground.} Nc6 (32... Nc4 33. Rf2 Ne3 34. exf7+ Rxf7 35. hxg6
Rxf2 36. gxh7+ Kh8 37. Qxf2 Qxg5 38. Bf3 $18) 33. exf7+ Qxf7 34. hxg6 Qxg6 35.
Ne6 Bxe6 (35... Rfe8 36. Nf4 Qg7 37. Bxd5+ Kh8 38. g6 h6 39. Qg5 $18) 36. Rxe6
Qf5 37. Rh6 (37. Bh3 $1 Qxc2 38. g6 Rd7 39. Re7 Rxe7 40. Be6+ Kg7 41. Qh6+ Kf6
42. g7+ $18) 37... Qxc2 38. Rxh7 Rf2 (38... Rf1+ 39. Rxf1 Qxh7 40. Qf4 Qe7 41.
Qf5 $18) 39. Rh8+ (39. Rxb7 Ne7 40. Qh8+ Kf7 41. Qxd8 $18) 39... Kf7 (39... Kg7
40. Qh6+ Kf7 41. Rh7+ $18) 40. g6+ $1 {The key move of the tactical solution,
the black king will find not a square to hide.} Ke6 (40... Kxg6 41. Qg4+ Kf7
42. R8h7+ $18) 41. Bh3+ Ke5 (41... Kd6 42. Rxd8+ Kc7 43. Rb1 $18) 42. Re1+ Re2
43. Qg5+ Kd4 (43... Ke4 44. Rh4+ Kd3 45. Qg3+ Kd2 46. Rxe2+ Kxe2 47. Bg4+ $18)
44. Qg1+ Ke5 (44... Kd3 45. Bf5+ $18) (44... Kc4 45. Rxe2 Qxe2 46. Bf1 $18) 45.
Rxe2+ (45. Rxe2+ Qxe2 46. Qg3+ Kd4 (46... Kf6 47. Qf4+ Kxg6 48. Rh6+ Kg7 49.
Qf6+ Kg8 50. Rh8#) 47. Qc3+ Ke4 48. Rh4+ $18) 1-0

[Event "Dortmund SuperGM 37th"]
[Site "Dortmund"]
[Date "2009.07.03"]
[Round "2"]
[White "Jakovenko, Dmitrij"]
[Black "Naiditsch, Arkadij"]
[Result "1-0"]
[WhiteElo "2760"]
[BlackElo "2697"]
[Annotator "Ftacnik,L"]
[PlyCount "123"]
[EventDate "2009.07.02"]
[EventType "tourn"]
[EventRounds "10"]
[EventCountry "GER"]
[EventCategory "20"]
[SourceTitle "CBM 131"]
[Source "ChessBase"]
[SourceDate "2009.07.15"]
[SourceVersion "1"]
[SourceVersionDate "2009.07.15"]
[SourceQuality "1"]

1. e4 c5 2. Nf3 d6 3. d4 cxd4 4. Nxd4 Nf6 5. Nc3 a6 6. Be3 e5 7. Nb3 Be6 8. Qd2
Nbd7 9. f4 {The lines with the advance of the pawn to f4 are gradually
replacing the older fashion with the f3-g4 setup.} exf4 10. Bxf4 Ne5 11. O-O-O
Be7 12. Nd4 O-O 13. Nf5 Bxf5 14. exf5 b5 {The sign of modern times as
defenders are turning to this active advance on the queenside. It is not easy
to argue, why the older main idea with 14...Qc8 lost the trust of black
players.} (14... Qc8 15. h3 {Svidler is ready to sacrifice the f5-pawn in
order to get compensation in strong play for his pieces.} (15. Bd3 b5 16. Rhf1
Rb8 17. Kb1 b4 18. Bxe5 dxe5 19. Ne4 Rd8 20. Qe2 a5 21. g4 a4 22. g5 Nxe4 23.
Qxe4 Bxg5 24. f6 Bxf6 25. Qxh7+ Kf8 {0-1 Grosar,A (2470)-Istratescu,A (2505)/
Biel 1993 (33)}) (15. Be2 Qxf5 16. g4 Nexg4 17. Bxg4 Nxg4 18. Nd5 Bh4 19. Rhf1
Qe6 20. Qb4 Rac8 21. Qxb7 Qe2 22. Kb1 Qxc2+ 23. Ka1 Rb8 {0-1 Kotronias,V (2545)
-Istratescu,A (2515)/Peristeri 1994}) (15. g4 Nexg4 16. Bd3 Ne5 17. Bxe5 dxe5
18. Rhg1 Kh8 19. Qg2 Rg8 20. Nd5 Qc5 21. Be4 Rad8 22. Rge1 b5 23. Qf3 {1/2-1/2
Bologan,V (2585)-Istratescu,A (2430)/Calimanesti 1992}) 15... Qxf5 16. g4 Qg6
17. Bg2 h6 18. Rhe1 (18. Bxb7 $14) 18... Rab8 19. Bxe5 dxe5 20. Rxe5 Rfd8 21.
Qe2 Rxd1+ 22. Qxd1 Rd8 23. Qf3 Bd6 24. Rf5 b5 $11 {0-1 Svidler,P (2765)
-Topalov,V (2801)/Monte Carlo 2006 (68)}) (14... Nh5 15. Be3 ({It is quite
possible, that Black stopped experimenting with knight decentralization due to
this unplayed idea} 15. g3 $1 Qc8 16. Nd5 Bd8 17. Bh3 $16) 15... Ng4 16. Kb1
Nxe3 17. Qxe3 Bf6 18. g4 $5 (18. Nd5 Be5 19. Qf3 Nf6 20. Bc4 $14) 18... Re8 19.
Qf3 (19. Ne4 d5 20. Bg2 Qa5 21. Nxf6+ Nxf6 22. Qd4 $14 {1/2-1/2 Yagupov,I 
(2494)-Kovchan,A (2527)/Tula 2007 (39)}) 19... Bxc3 20. Qxc3 Nf6 21. Qf3 Qb6 (
21... d5 22. Bd3 $14) 22. Bc4 Rac8 23. Bb3 Re3 24. Qg2 Ne4 25. g5 $14 {1-0
Kaminski,M (2495)-De Firmian,N (2605)/Polanica Zdroj 1995/ (37)}) (14... Rc8
15. Be2 b5 16. g4 b4 17. Nd5 Nxd5 18. Qxd5 Qb6 19. Kb1 Rfe8 20. Rhf1 Bf8 21. g5
Qc7 22. Rd2 a5 23. Bb5 Re7 24. Bd3 $16 {1-0 Grosar,A (2455)-Adianto,U (2485)/
Manila 1992 (59)}) (14... Qa5 15. Kb1 Rfe8 16. h3 Rac8 17. g4 Bf8 18. Ne4 Qd8
19. Nxf6+ Qxf6 20. Bg2 h6 21. Bd5 Rc5 22. Rhf1 Be7 23. Be3 $16 {1/2-1/2
Rodriguez Vila,A (2531)-Goldwaser,C (2374)/Villa Martelli 2008 (66)}) 15. Kb1 {
Jakovenko retains the maximum flexibility for options later on. Topalov has
got a much better ending with the natural 15.Be2 move.} (15. g4 b4 16. Nd5 Nxd5
17. Qxd5 Bg5 18. Qd2 Bxf4 19. Qxf4 a5 20. Rg1 a4 21. Qxb4 a3 22. Rg3 Qg5+ 23.
Kb1 axb2 24. Bg2 Rab8 $15 {0-1 Korbut,E (2399)-Gunina,V (2340)/Samara 2005 (49)
}) (15. Be2 Qa5 16. Kb1 Rfd8 17. Nd5 Qxd2 18. Nxe7+ Kf8 19. Rxd2 Kxe7 20. Rhd1
Ne4 21. Rd4 Nc5 22. b3 $16 {1-0 Topalov,V (2791)-Gundavaa,B (2458)/Dresden
2008 (42)}) 15... b4 {The knight from c3 would move to d5 at the most suitable
moment for White, but pushing it to move might not be the most precise
continuation.} (15... Re8 16. h3 Rc8 17. g4 Qc7 $14) 16. Nd5 Nxd5 17. Qxd5 Qc7
18. g4 Rfc8 19. Bd3 {White deviates from the recent game from Wijk 2009 as
Black managed to hold there.} (19. Rd2 a5 20. g5 a4 21. f6 Ra5 $1 22. Qe4 Bf8
23. h4 a3 24. b3 Ng6 25. Bc4 Nxf4 26. Qxf4 $14 {1/2-1/2 Karjakin,S (2706)-Van
Wely,L (2625)/Wijk aan Zee 2009 (42)}) 19... Nxd3 (19... a5 20. Be4 $16) 20.
Qxd3 Qc4 21. Rhf1 h6 {Naiditsch sensibly avoids an immediate forcing of
matters as his pawns are more exposed in the endgame.} (21... Qxd3 22. Rxd3 Rc4
23. h3 Rac8 24. Bxd6 Bxd6 25. Rxd6 Rxc2 26. Rxa6 b3 (26... Rh2 27. Rb6 Rxh3 28.
Rxb4 $16) 27. axb3 Rh2 28. Rf3 $14) 22. h3 d5 23. Be5 (23. b3 Qc6 24. Rfe1 Bf6
$11) 23... Rc6 {White is the player sporting a small advantage so it made
sense to look for the best solutions like 23...Bh4!?} (23... Bh4 $5 24. b3 Qe4
$11) 24. b3 Qxd3 25. Rxd3 Rac8 26. Rf2 Bh4 27. Rg2 (27. Re2 $2 Re8 $1 28. Rdd2
Rcc8 $11) 27... f6 $2 {[%mdl 4096] Black is making his task more difficult
with the unnecessary positioning of most of his pawns on dark squares.} (27...
Rd8 28. Rgd2 Rc5 29. Bd4 Rc6 30. Re2 Bg5 31. Kb2 Rdc8 $14) 28. Bb2 Rc5 (28...
Re8 29. a3 bxa3 30. Bxa3 $14) 29. Re2 Bg5 30. a3 $6 {Jakovenko is eager to
benefit from his structural advantage, but he could have achieved more by
first luring the black pawn to the a5-square.} (30. Rd1 Bh4 31. Rd4 a5 32. a3
bxa3 33. Bxa3 Rb5 (33... Rc3 34. Rxd5 Rxh3 35. Rxa5 $16) 34. Red2 Rc3 35. Rxd5
Rxd5 36. Rxd5 Rxh3 37. Rxa5 $14) 30... bxa3 31. Bxa3 Rc3 $1 32. Bb2 (32. Rxd5
Rxh3 33. Ra5 Rc6 34. Bb2 Bf4 $11) 32... Rxd3 33. cxd3 Kf7 {The defender has
started to breath more freely even though the problems are not yet completely
over. The timely sacrifice of the d5-pawn would have promised him sufficient
counterplay.} (33... a5 $5 34. Re7 Bd2 35. Rd7 Bb4 36. Rxd5 Re8 $11) 34. Re6 a5
(34... Re8 35. Rxa6 Re1+ 36. Ka2 Re2 37. Ka3 Re3 38. b4 Rxd3+ 39. Ka4 Rxh3 40.
b5 Rg3 41. b6 Rxg4+ 42. Kb5 $16) 35. Rd6 Re8 36. Rd7+ Kg8 (36... Re7 37. Rxe7+
Kxe7 38. Bc3 $16) 37. Bc3 $1 {An excellent move restoring White's advantage.
The marching b-pawn will be very difficult to stop.} Re3 38. Rxd5 Rxh3 39. Bxa5
Rh4 (39... Rh1+ 40. Kb2 Rh2+ 41. Ka3 Bc1+ 42. Ka4 $14) 40. b4 Rxg4 (40... Bd2
41. Kc2 Be1 42. Kd1 Bc3 (42... Rh1 43. Ke2 Bc3 44. Rc5) 43. Rc5) 41. b5 Be3 42.
Kc2 (42. b6 $2 Bxb6 43. Bxb6 Rb4+ $15) 42... Rg2+ 43. Kb3 Rg1 44. Ka2 Rg2+ 45.
Ka3 $1 Bc1+ {An extremely difficult moment for Naiditsch. His survival chances
after the sacrifice of the bishop for the b-pawn are not huge, but winning
would present White with a precarious task.} (45... h5 46. b6 Bxb6 47. Bxb6 $16
) 46. Kb3 h5 (46... Rb2+ 47. Kc3 h5 48. b6 Kh7 49. Bb4 Rb1 50. Kc4 $1 (50. b7
$2 Bd2+ 51. Kxd2 Rxb4) 50... Bf4 51. Rd4 Bg3 52. b7 $16) 47. b6 h4 48. Bc3 {
The most natural move supporting the advance of the b-pawn.} (48. Bb4 Rb2+ 49.
Kc4 h3 50. Rd8+ Kh7 51. Rd4 Bg5 52. b7 h2 53. b8=Q h1=Q 54. Qe8 $16) 48... h3
49. b7 Bf4 50. Be5 $1 h2 {The game would seem decided after the last flashy
move, but there is still some life in the position.} (50... Bxe5 51. Rxe5 fxe5
52. b8=Q+ Kh7 53. Qb7 (53. Qxe5 h2 54. Qe1 Rg3 $1 55. f6 gxf6 56. Qe4+ Kg7 57.
Qh1 Rxd3+ 58. Kc2 Ra3 59. Kb2 Rg3 60. Qxh2 $18) 53... Rf2 54. Qe4 h2 55. f6+
Kg8 56. Qd5+ Kh7 57. fxg7 Kxg7 58. Qxe5+ $18) 51. b8=Q+ Kh7 52. Bxf4 $1 {
Jakovenko deserves credit for avoiding the euphoria of the "easy win". Black's
counterblow on the dark squares is extraordinarily beautiful!} (52. Rd8 $4 Rb2+
$3 53. Bxb2 Bxb8 $19) 52... h1=Q 53. Rd8 $1 Qd1+ (53... Qb1+ 54. Kc3 Qxb8 55.
Rxb8 Rf2 56. Rb4 $18) 54. Kc4 Rc2+ 55. Kd4 {The white king in the centre seems
to be vulnerable, but it can fall back on help from its pieces.} Qa1+ (55...
Qg1+ 56. Be3 Qg4+ 57. Qf4 $18) 56. Kd5 Qa5+ 57. Ke4 $1 (57. Ke6 $2 Re2+ 58. Kd7
Qd5+ $19) 57... Qe1+ 58. Be3 Qh1+ 59. Kd4 Qa1+ (59... Qh4+ 60. Qf4 $18) 60. Kd5
Qa5+ (60... Qh1+ 61. Ke6 Qc6+ 62. Kf7 Qc7+ 63. Qxc7 Rxc7+ 64. Ke6 $18) 61. Ke4
{A tidier way to escape than the run towards the f7-square.} (61. Ke6 Qa2+ 62.
Ke7 $18) 61... Qa4+ 62. d4 (62. d4 Qc6+ 63. Kf4 Qc7+ 64. Qxc7 Rxc7 65. d5 $18)
1-0